| 000 | 00582nam a2200193 a 4500 | ||
|---|---|---|---|
| 001 | 000012202 | ||
| 005 | 20240530073913.0 | ||
| 008 | 091106s1976 dr 001 f spa d | ||
| 040 |
_aDO-SdBNP _bspa _cBNPHU |
||
| 082 |
_aRD863.44 _bG633u |
||
| 100 | 1 |
_aGómez Cerda, José _98583 |
|
| 245 | 1 | 0 |
_aUnidos en la lucha / _cJosé Gómez Cerda. |
| 260 |
_aSanto Domingo : _bPolitecnia, _c1976. |
||
| 300 |
_a160 p. ; _c21 cm. |
||
| 590 | _aInventariado, 2020/YL | ||
| 650 | 0 |
_aNovela dominicana _9223 |
|
| 650 | 0 |
_aLiteratura dominicana. _967 |
|
| 910 | _aValidado. Control de calidad MFF | ||
| 999 |
_c11867 _d11867 |
||